<?xml version="1.0" encoding="UTF-8"?>
<record
    xmlns:xsi="http://www.w3.org/2001/XMLSchema-instance"
    xsi:schemaLocation="http://www.loc.gov/MARC21/slim http://www.loc.gov/standards/marcxml/schema/MARC21slim.xsd"
    xmlns="http://www.loc.gov/MARC21/slim">

  <leader>01194nam a2200229 a 4500</leader>
  <controlfield tag="001">000006058</controlfield>
  <controlfield tag="005">20260317092750.0</controlfield>
  <controlfield tag="008">090826s1986    dr            001 0 spa d</controlfield>
  <datafield tag="040" ind1=" " ind2=" ">
    <subfield code="a">DO-SdBNP</subfield>
    <subfield code="b">spa</subfield>
    <subfield code="c">BNPHU</subfield>
  </datafield>
  <datafield tag="082" ind1=" " ind2=" ">
    <subfield code="a">345.05044</subfield>
    <subfield code="b">A185L</subfield>
  </datafield>
  <datafield tag="100" ind1="1" ind2=" ">
    <subfield code="a">Acosta Garc&#xED;a, Juan Pablo</subfield>
    <subfield code="9">17060</subfield>
  </datafield>
  <datafield tag="245" ind1="1" ind2="3">
    <subfield code="a">La leg&#xED;tima defensa /</subfield>
    <subfield code="c">Juan Pablo Acosta Garc&#xED;a.</subfield>
  </datafield>
  <datafield tag="260" ind1=" " ind2=" ">
    <subfield code="a">Moca, Rep&#xFA;blica Dominicana :</subfield>
    <subfield code="b">Offsetolga,</subfield>
    <subfield code="c">1986.</subfield>
  </datafield>
  <datafield tag="300" ind1=" " ind2=" ">
    <subfield code="a">127 p. ;</subfield>
    <subfield code="c">21 cm.</subfield>
  </datafield>
  <datafield tag="504" ind1=" " ind2=" ">
    <subfield code="a">Bibliograf&#xED;a: p.122-124.</subfield>
  </datafield>
  <datafield tag="505" ind1="0" ind2=" ">
    <subfield code="g">Introducci&#xF3;n --</subfield>
    <subfield code="t">Breve panorama hist&#xF3;rico de la leg&#xED;tima defensa --</subfield>
    <subfield code="t">La leg&#xED;tima defensa. Concepto --</subfield>
    <subfield code="t">Los sujetos en la leg&#xED;tima defensa --</subfield>
    <subfield code="t">Derechos y bienes defendibles leg&#xED;timamente --</subfield>
    <subfield code="t">Condiciones de la leg&#xED;tima defensa --</subfield>
    <subfield code="t">La leg&#xED;tima defensa en derecho franc&#xE9;s y dominicano --</subfield>
    <subfield code="t">La leg&#xED;tima defensa social --</subfield>
    <subfield code="g">Conclusiones --</subfield>
    <subfield code="g">Recomendaciones --</subfield>
    <subfield code="g">Ap&#xE9;ndice: El Pro-Mil&#xF3;n, discurso de Cicer&#xF3;n pronunciado en defensa de Mil&#xF3;n --</subfield>
    <subfield code="g">Bibliograf&#xED;a.</subfield>
  </datafield>
  <datafield tag="590" ind1=" " ind2=" ">
    <subfield code="a">Inventariado,2018/DG</subfield>
  </datafield>
  <datafield tag="650" ind1=" " ind2="4">
    <subfield code="a">Leg&#xED;tima defensa</subfield>
    <subfield code="9">17061</subfield>
  </datafield>
  <datafield tag="650" ind1=" " ind2="0">
    <subfield code="a">Acci&#xF3;n y defensa (Derecho)</subfield>
    <subfield code="9">17062</subfield>
  </datafield>
  <datafield tag="650" ind1=" " ind2="0">
    <subfield code="a">Defensa (Procedimiento penal)</subfield>
    <subfield code="9">17063</subfield>
  </datafield>
  <datafield tag="910" ind1=" " ind2=" ">
    <subfield code="a">Validado. Control de calidad EMS</subfield>
  </datafield>
  <datafield tag="952" ind1=" " ind2=" ">
    <subfield code="0">0</subfield>
    <subfield code="1">0</subfield>
    <subfield code="7">1</subfield>
    <subfield code="8">PD</subfield>
    <subfield code="a">PD</subfield>
    <subfield code="b">PD</subfield>
    <subfield code="c">HD</subfield>
    <subfield code="d">2009-08-26</subfield>
    <subfield code="i">LF1</subfield>
    <subfield code="l">0</subfield>
    <subfield code="o">345.05044 A185L</subfield>
    <subfield code="p">6058-10</subfield>
    <subfield code="r">2020-06-25</subfield>
    <subfield code="w">2020-06-25</subfield>
    <subfield code="y">LFPD</subfield>
    <subfield code="Z">No se presta</subfield>
  </datafield>
  <datafield tag="999" ind1=" " ind2=" ">
    <subfield code="c">5854</subfield>
    <subfield code="d">5854</subfield>
  </datafield>
</record>
